Goat Quiz! - Statistics

General Stats
  • This quiz has been taken 9 times
    5 since last reset
  • The average score is 11 of 15
Answer Stats
Question Answer % Correct
How many stomachs do goats have? 1
100%
Which year was the movie GOAT released 2026
100%
How many teeth do goats have? 32
100%
Do goats have baby teeth? Yes
100%
Lifespan of the oldest goat ever recorded 22 years
75%
Which US state has the least amount of goats? Alaska
75%
Most popular goat breed in the US Boer
75%
What is a male goat called? Buck/Billy
75%
What is a female goat called Doe/Nanny
75%
Which US sate has the most goats? Texas
75%
What kind of cherry is poisonousto goats? Wild
75%
How many breeds of goats live in the wild? 9
50%
Breed of the oldest goat ever recorded Pygmy
50%
Name of the oldest goat ever recorded McGinty
25%
What breed of goat grows the longest horns? Markhor
0%
No matching quizzes found
Score Distribution
Percent of People with Each Score
Percentile by Number Answered
Your Score History
You have not taken this quiz since the last reset